| 000 | 00846nam a2200277 a 4500 | ||
|---|---|---|---|
| 001 | 000107970 | ||
| 003 | CHAP | ||
| 005 | 20220329143951.0 | ||
| 008 | 131124s2011 nyu |r| ||||||eng d | ||
| 010 | _a104432 | ||
| 011 | _a105404 | ||
| 020 | _a9781617792090 | ||
| 040 | _cCHAP | ||
| 082 | 0 | 4 |
_a596.0334 _bV56 |
| 245 | 0 | 0 |
_aVertebrate embryogenesis : _bembryological, cellular, and genetic methods / _ceditado por Francisco J. Pelegri. |
| 260 |
_aNew York : _bHumana Press : _bSpringer, _cc2011. |
||
| 300 |
_axi, 605 p. : _bil. |
||
| 590 |
_aE11695DGD _b10 _c20131124 _lUCH01 _h1526 |
||
| 590 |
_aE11695DGD _b10 _c20131124 _lUCH01 _h1526 |
||
| 590 |
_aE11695DGD _b10 _c20131124 _lUCH01 _h1526 |
||
| 650 | 1 | 4 |
_aEmbriología _xVertebrados. _936492 |
| 700 | 1 |
_aPelegri, Francisco J. _eed. _9124733 |
|
| 901 | _aBK | ||
| 942 | _cLIBRO | ||
| 942 | _n0 | ||
| 999 |
_c104432 _d104432 |
||